Scottish Social Democracy : (Record no. 614762)

MARC details
000 -LEADER
fixed length control field 00501nam a2200193 a 4500
008 - FIXED-LENGTH DATA ELEMENTS--GENERAL INFORMATION
fixed length control field 260220s2007##################000#0#eng##
020 ## - INTERNATIONAL STANDARD BOOK NUMBER
ISBN 9789052010663
082 04 - DEWEY DECIMAL CLASSIFICATION NUMBER
Classification number 320.609
Item number KEA
100 1# - MAIN ENTRY--AUTHOR NAME
Personal name Keating, Michael,
245 10 - TITLE STATEMENT
Title Scottish Social Democracy :
260 ## - PUBLICATION, DISTRIBUTION, ETC. (IMPRINT)
Name of publisher Peter Lang,
Year of publication 2007.
300 ## - PHYSICAL DESCRIPTION
Number of Pages 294 pages
650 #0 - SUBJECT ADDED ENTRY--TOPICAL TERM
Topical Term Political Science.
942 ## - ADDED ENTRY ELEMENTS (KOHA)
Koha item type English Books
Holdings
Withdrawn status Lost status Damaged status Not for loan Home library Current library Shelving location Date acquired Full call number Accession Number Price effective from Koha item type
        Anna Centenary Library Anna Centenary Library 3RD FLOOR, B WING 20.02.2026 320.609 KEA 215974 20.02.2026 English Books

Find us on the map